<?xml version="1.0" encoding="UTF-8"?>
<collection xmlns="http://www.loc.gov/MARC21/slim">
 <record>
  <leader>01149nmm a2200229   4500</leader>
  <controlfield tag="001">1/33150</controlfield>
  <controlfield tag="008">070820s1990    gr     f   ba       gre  </controlfield>
  <datafield tag="020" ind1=" " ind2=" ">
   <subfield code="a">1843260956</subfield>
  </datafield>
  <datafield tag="035" ind1=" " ind2=" ">
   <subfield code="l">35558</subfield>
  </datafield>
  <datafield tag="040" ind1=" " ind2=" ">
   <subfield code="a">GR-PeUP</subfield>
  </datafield>
  <datafield tag="082" ind1="0" ind2="0">
   <subfield code="a">CD-ROM 652.3 TEA</subfield>
  </datafield>
  <datafield tag="245" ind1="0" ind2="0">
   <subfield code="a">Touch typing :</subfield>
   <subfield code="h">Αρχειο [Η/Υ].</subfield>
  </datafield>
  <datafield tag="260" ind1=" " ind2=" ">
   <subfield code="a">Rugeley :</subfield>
   <subfield code="b">Focus Multimedia Limited,</subfield>
   <subfield code="c">[1990].</subfield>
  </datafield>
  <datafield tag="300" ind1=" " ind2=" ">
   <subfield code="a">1 οπτικός δίσκος Η/Υ :</subfield>
   <subfield code="b">έγχρ. ;</subfield>
   <subfield code="c">4 3/4 in.</subfield>
  </datafield>
  <datafield tag="490" ind1="1" ind2=" ">
   <subfield code="a">Teaching-you ;</subfield>
  </datafield>
  <datafield tag="520" ind1="0" ind2=" ">
   <subfield code="a">A totally interactive training system that guides the user through the art of touch typing. Includes an interactive game on key finger positions and sections on audio typing.</subfield>
  </datafield>
  <datafield tag="538" ind1=" " ind2=" ">
   <subfield code="a">Ελάχιστες απαιτήσεις συστήματος: MPC 486 or above; Windows 95/98/ME or Windows NT/2000; 8 MB RAM; 3 MB hard drive space; 640x480x256 colours; 2x or faster CD-ROM speed; 16 bit soundblaster or 100% compatible.</subfield>
  </datafield>
  <datafield tag="650" ind1=" " ind2="4">
   <subfield code="a">CD-ROMs.</subfield>
  </datafield>
  <datafield tag="650" ind1=" " ind2="4">
   <subfield code="a">Typewriting</subfield>
   <subfield code="x">Interactive multimedia.</subfield>
  </datafield>
  <datafield tag="650" ind1=" " ind2="4">
   <subfield code="a">Keyboarding</subfield>
   <subfield code="x">Interactive multimedia.</subfield>
  </datafield>
  <datafield tag="830" ind1=" " ind2=" ">
   <subfield code="a">Teaching-you.</subfield>
  </datafield>
  <datafield tag="852" ind1=" " ind2=" ">
   <subfield code="a">INST</subfield>
   <subfield code="b">UNIPILB</subfield>
   <subfield code="c">MMEDIA</subfield>
   <subfield code="e">20070823</subfield>
   <subfield code="h">CD-ROM 652.3 TEA</subfield>
   <subfield code="p">00153216</subfield>
   <subfield code="q">00153216</subfield>
   <subfield code="t">NOLOAN</subfield>
   <subfield code="y">23</subfield>
   <subfield code="4">1</subfield>
  </datafield>
 </record>
</collection>
